Zarubežnyje matematičeskije olimpiady

Enregistré dans:
Détails bibliographiques
Format: Livre
Langue:russe
Publié: Moskva : Nauka, 1987
Tags: Ajouter un tag
Pas de tags, Soyez le premier à ajouter un tag!

MARC

LEADER 00000nam a22000003a 4500
001 stu4723
005 20141122103542.0
008 931103s1987----xxr-----------------rus-d
040 |a STU  |b slo 
041 0 |a rus 
044 |a xxr 
080 |a 51(076.2)  |7 stu_us_auth*stu8223 
245 |a Zarubežnyje matematičeskije olimpiady 
260 |a Moskva :  |b Nauka,  |c 1987 
300 |a 414 s 
996 |c I*8M3684  |l I  |s A  |a 24  |w stu4723_0001